| 000 | 00676cam a22002413a 4500 | ||
|---|---|---|---|
| 001 | 23680 | ||
| 003 | PGUSA | ||
| 005 | 20140828083514.0 | ||
| 008 | 071202s2007||||xxu|||||s|||||000 | eng d | ||
| 040 |
_aPGUSA _beng |
||
| 042 | _adc | ||
| 050 | 4 | _aHQ | |
| 100 | 1 | _aStanton, Henry | |
| 245 | 1 | 0 |
_aSex : _bAvoided subjects Discussed in Plain English _h[electronic resource] / _cHenry Stanton |
| 260 |
_bProject Gutenberg, _c2007 |
||
| 506 | _aPublic domain in the USA. | ||
| 516 | _aElectronic text | ||
| 653 | _aSex instruction | ||
| 653 | _aSex -- Popular works | ||
| 830 | 0 |
_aProject Gutenberg _v23680 |
|
| 856 | 4 | 0 | _uhttp://www.gutenberg.org/ebooks/23680 |
| 942 | _cEB | ||
| 999 |
_c252935 _d252935 |
||